000 00372nam a2200145 i 4500
001 bg
100 1 _aWOROSZYŁ, Stanisław
245 0 _aPrzykłady i zadania z teorii drgań.
_nCz. 2,
_pUkłady ciągłe /
_cS. Woroszył.
250 _aWyd. 2.
260 _aWarszawa,
_c1984.
040 _cBPK
041 _apol
942 _cKS
008 s pl f |000 0 pol
999 _c3017
_d3017
856 _uhttp://koha.tu.koszalin.pl/cgi-bin/koha/opac-detail.pl?biblionumber=3017
_yKatalog online BPK